• 首页
  • 本馆介绍
  • 公告通知
  • 最新文献
  • 馆藏检索
  • 电子资源
  • 读者导购
  • 参考咨询
  • 我的图书馆
  • 登录
  • 详细信息显示
  • 放入我的书架
  • 预约/预借图书
  • 作者相关作品
  • 分类相关作品
  • 丛书相关作品
  • 出版社相关作品

书目信息

  • 表格格式
  • 工作单格式
  • 卡片格式
题名:
村镇建设法律法规
    
 
作者: 李勇 主编
分册: 下  
出版信息: 汕头   汕头大学出版社  2017.10
页数: 138页
开本: 22cm
丛书名: 城乡规划建设法律法规学习读本
单 册:
中图分类: D922.297.4
科图分类:
主题词: 城乡建设--法规--中国--学习参考资料
电子资源:
ISBN: 978-7-5658-3206-2
000 01169oam2 2200253 45
001 012001000378
005 20180920111633.53
010    @a978-7-5658-3206-2@dCNY29.80
100    @a20171027d2017 em y0chiy0110 ea
101 0  @achi
102    @aCN@b440000
105    @ay z 000yy
106    @ar
200 1  @a村镇建设法律法规@9Cun Zhen Jian She Fa Lv Fa Gui@h下@f李勇主编
210    @a汕头@c汕头大学出版社@d2017.10
215    @a138页@d22cm
225 2  @a城乡规划建设法律法规学习读本
330    @a本作品包括了广大人民群众应知应懂、实际实用的有关村镇建设的法律法规,同时附录还列举了相应的释义解析、解读解答、案例分析、实施细则、政策制度、应用表格等内容,用以配套辅导学习。本套作品共计2册,本册包括《村庄和集镇规划建设管理条例》《村庄整治规划编制办法》《农村公路建设管理办法》《农业基本建设项目管理办法》《新农村现代流通服务网络工程专项资金管理办法》《中央财政新型农村金融机构定向费用补贴资金管理暂行办法》等法律法规内容。
461  0 @12001 @a城乡规划建设法律法规学习读本
606 0  @a城乡建设@x法规@y中国@j学习参考资料
690    @aD922.297.4@v5
701  0 @a李勇@9Li Yong@4主编
801  0 @aCN@b上海新华@c20180901
905    @b1150279-83@dD922.297.4@e1860:2@f5
    
    村镇建设法律法规.下/李勇主编.-汕头:汕头大学出版社,2017.10
    138页;22cm.-(城乡规划建设法律法规学习读本)
    
    
    ISBN 978-7-5658-3206-2:CNY29.80
    本作品包括了广大人民群众应知应懂、实际实用的有关村镇建设的法律法规,同时附录还列举了相应的释义解析、解读解答、案例分析、实施细则、政策制度、应用表格等内容,用以配套辅导学习。本套作品共计2册,本册包括《村庄和集镇规划建设管理条例》《村庄整治规划编制办法》《农村公路建设管理办法》《农业基本建设项目管理办法》《新农村现代流通服务网络工程专项资金管理办法》《中央财政新型农村金融机构定向费用补贴资金管理暂行办法》等法律法规内容。
●
相关链接 在E读中查询图书 在五车中查询图书 在当当中查询图书 在豆瓣中查询图书


正题名:村镇建设法律法规     索取号:D922.297.4/1860:2         预约/预借

序号 登录号 条形码 馆藏地/架位号 状态 备注
1 1150279   211502792   第一样本阅览室/ [索取号:D922.297.4/1860:2] 在馆    
2 1150280   211502809   第一借阅区/ [索取号:D922.297.4/1860:2] 在馆    
3 1150281   211502818   第一借阅区/ [索取号:D922.297.4/1860:2] 在馆    
4 1150282   211502827   第一借阅区/ [索取号:D922.297.4/1860:2] 在馆    
5 1150283   211502836   密集书库-史法系/ [索取号:D922.297.4/1860:2] 在馆    
唐山师范学院图书馆 欢迎您!
大连网信软件有限公司© 版权所有